Controle interno nos municípios : (Record no. 910)

MARC details
000 -LÍDER
Campo Fixo de Controle 00973nam a2200289 a 4500
001 - NÚMERO DE CONTROLE
Campo de Controle 910
003 - IDENTIFICAÇÃO DO NÚMERO DE CONTROLE
Campo de Controle BR-CuiBMT
005 - DATA E HORA DA ÚLTIMA ATUALIZAÇÃO
Campo de Controle 20231212155559.0
008 - DADOS FIXOS
Dados Fixos 231121s2007 spba 000 0 por d
020 ## - INTERNATIONAL STANDARD BOOK NUMBER
Nº do ISBN 9788522447015
040 ## - AGÊNCIA CATALOGADORA
Agência que transcreveu o registro BR-CuiBMT
Código da Agência Catalogadora BR-CuiBMT
080 ## - Nº DA CLASSIFICAÇÃO DECIMAL UNIVERSAL
Nº Class. CDU 351.9:352
Nº edição CDU 2007
090 ## - NÚMERO DE CHAMADA
Nº classificação 351.9:352
Cutter G562g
Ano/Edição 3. ed.
100 1# - ENTRADA PRINCIPAL -- AUTOR PESSOAL
Nome pessoal Cruz, Flávio da
245 10 - TÍTULO PRINCIPAL
Título principal Controle interno nos municípios :
Subtítulo orientação para a implantação e relacionamento com os tribunais de contas /
Indicação de responsabilidade Flávio da Cruz, José Osvaldo Glock.
250 ## - EDIÇÃO
Edição 3. ed.
260 ## - PUBLICAÇÃO, DISTRIBUIÇÃO, ETC.
Local de publicação São Paulo :
Editora Atlas,
Data 2007.
300 ## - DESCRIÇÃO FÍSICA
N. páginas ou volumes 200 p. :
Ilustrações il. ;
Dimensões 24 cm
504 ## - NOTA DE BIBLIOGRAFIA, ETC.
Nota de bibliografia Inclui bibliografia e índice.
590 ## - NOTA LOCAL
Nota local A biblioteca possui 2. reimpr. 2013.
650 ## - ASSUNTO TÓPICO
Cabeçalho tópico ou nome geográfico Finanças municipais
Subdivisão geográfica Brasil
650 ## - ASSUNTO TÓPICO
Cabeçalho tópico ou nome geográfico Auditoria interna
Subdivisão geográfica Brasil
650 ## - ASSUNTO TÓPICO
Cabeçalho tópico ou nome geográfico Administração municipal
Subdivisão geral Controle
Subdivisão geográfica Brasil
650 ## - ASSUNTO TÓPICO
Cabeçalho tópico ou nome geográfico Tribunais de contas
Subdivisão cronológica Brasil
700 ## - ENTRADA SECUNDÁRIA -- NOME PESSOAL
Nome pessoal Glock, José Osvaldo
942 ## - ELEMENTOS DE ENTRADA ADICIONAIS (KOHA)
Fonte de classificação ou esquema de arquivamento Classificação Decimal Universal
Tipo de item do Koha Livros
Holdings
Estado: removido Estado: perdido Fonte de classificação ou esquema de arquivamento Estado: danificado Indisponível para empréstimo Localização permanente Localização atual Data de aquisição Total Checkouts Número de Chamada completo Código de barras Date last seen Número do exemplar Preço efetivo a partir de Tipo de item (Koha)
    Classificação Decimal Universal     Biblioteca da Escola Superior de Contas do TCE/MT Biblioteca da Escola Superior de Contas do TCE/MT 25/05/2009   351.9:352 G562g 3. ed. BIBTCEMT23110902 22/11/2023 Ex. 1 22/11/2023 Livros

Powered by Koha